[Event "Madrid-ch sub-18 2008-2009"]
[Site "Madrid ESP"]
[Date "2008.12.26"]
[Round "1.1"]
[White "Rodriguez Centenera, Sara"]
[Black "Adan Bermudez, Sergio"]
[Result "0-1"]
[WhiteElo "1663"]
[BlackElo "2227"]
[PlyCount "50"]
[EventDate "2008.12.26"]
[EventType "swiss"]
[EventRounds "9"]
[EventCountry "ESP"]
[Source "lmi"]
[SourceDate "2008.12.26"]

1. d4 Nf6 2. c4 e6 3. Nc3 Bb4 4. Qc2 c5 5. dxc5 Na6 6. Bf4 Nxc5 7. a3 Bxc3+ 8.
Qxc3 O-O 9. Nf3 b6 10. g3 Ba6 11. Bg2 Rc8 12. Nd2 d5 13. Be5 dxc4 14. Rd1 Nd5
15. Bxd5 Qxd5 16. Nf3 Nd3+ 17. Kf1 f6 18. Bf4 g5 19. Rg1 gxf4 20. gxf4+ Kf7 21.
Ng5+ fxg5 22. Rxg5 e5 23. exd3 cxd3 24. Qb4 Qh1+ 25. Rg1 d2+ 0-1

[Event "Madrid-ch sub-18 2008-2009"]
[Site "Madrid ESP"]
[Date "2008.12.26"]
[Round "1.2"]
[White "Gago Padreny, Ignacio"]
[Black "Morera Rodriguez, Ignacio"]
[Result "1-0"]
[WhiteElo "2216"]
[BlackElo "1646"]
[PlyCount "47"]
[EventDate "2008.12.26"]
[EventType "swiss"]
[EventRounds "9"]
[EventCountry "ESP"]
[Source "lmi"]
[SourceDate "2008.12.26"]

1. d4 d5 2. Nf3 c6 3. c4 e6 4. Nc3 dxc4 5. a4 Bb4 6. e4 b5 7. Bd2 Bxc3 8. bxc3
a5 9. e5 Ne7 10. Ng5 Bb7 11. Qf3 O-O 12. axb5 h6 13. Ne4 cxb5 14. Nf6+ gxf6 15.
Qxb7 Qd5 16. Qxe7 Nd7 17. Be2 Rfe8 18. Qd6 fxe5 19. dxe5 Nxe5 20. Qxd5 exd5 21.
O-O Kh7 22. Rfb1 d4 23. cxd4 Nc6 24. Bf3 1-0

[Event "Madrid-ch sub-18 2008-2009"]
[Site "Madrid ESP"]
[Date "2008.12.26"]
[Round "1.3"]
[White "De La Esperanza Martin, Alberto"]
[Black "Suarez Uriel, Adrian"]
[Result "0-1"]
[WhiteElo "1636"]
[BlackElo "2123"]
[PlyCount "74"]
[EventDate "2008.12.26"]
[EventType "swiss"]
[EventRounds "9"]
[EventCountry "ESP"]
[Source "lmi"]
[SourceDate "2008.12.26"]

1. e4 c5 2. Nf3 Nc6 3. d4 cxd4 4. Nxd4 g6 5. Nc3 Bg7 6. Nb3 d6 7. Bg5 Nf6 8.
Be2 Be6 9. O-O a6 10. a4 O-O 11. Qd2 Rc8 12. Bh6 Bxh6 13. Qxh6 Bxb3 14. cxb3
Nd4 15. Bc4 b5 16. axb5 axb5 17. Nxb5 Nxb5 18. Bxb5 Nxe4 19. Rfe1 d5 20. Qe3 e6
21. Ra7 Rb8 22. Bc6 Qb6 23. Bb7 Rxb7 24. Rxb7 Qxb7 25. f3 Nd6 26. Qc5 Nf5 27.
b4 Rc8 28. Qa5 Rb8 29. g4 Nd4 30. Rf1 Qxb4 31. Qa7 Qxb2 32. Rf2 Qb6 33. Qa3
Ne2+ 34. Kg2 Nf4+ 35. Kg3 e5 36. Qe7 Rd8 37. Qxe5 Qxf2+ 0-1

[Event "Madrid-ch sub-18 2008-2009"]
[Site "Madrid ESP"]
[Date "2008.12.26"]
[Round "1.4"]
[White "Arauz Alonso, Fernando"]
[Black "Dominguez Alfara, Miguel"]
[Result "1-0"]
[WhiteElo "2098"]
[BlackElo "1621"]
[PlyCount "83"]
[EventDate "2008.12.26"]
[EventType "swiss"]
[EventRounds "9"]
[EventCountry "ESP"]
[Source "lmi"]
[SourceDate "2008.12.26"]

1. Nf3 d5 2. d4 e6 3. e3 c5 4. b3 b6 5. Nbd2 Nf6 6. Bb2 Nbd7 7. Bd3 Bb7 8. O-O
cxd4 9. exd4 Bd6 10. Qe2 Qc7 11. Ne5 O-O 12. f4 Rfe8 13. Rf3 Nf8 14. Raf1 Rac8
15. c3 Qe7 16. Rh3 h6 17. g4 N6h7 18. g5 Bxe5 19. dxe5 Qc5+ 20. Rf2 Qc6 21.
gxh6 g6 22. Bb5 Qc7 23. Bxe8 Rxe8 24. Nf3 Qc6 25. Nd4 Qc5 26. a4 Qa5 27. Rg2
Rc8 28. Qc2 Qc5 29. Rhg3 Kh8 30. h4 Qe7 31. h5 Qe8 32. Ba3 Ba6 33. Qd1 Qd8 34.
Qg4 Qe8 35. Qh4 Qd8 36. Be7 Qe8 37. Nxe6 Nxe6 38. hxg6 fxg6 39. Bf6+ Nxf6 40.
Qxf6+ Kh7 41. f5 gxf5 42. Rg7+ 1-0

[Event "Madrid-ch sub-18 2008-2009"]
[Site "Madrid ESP"]
[Date "2008.12.26"]
[Round "1.5"]
[White "Jimenez Rodriguez, Alfonso"]
[Black "Nieto De La Cruz, Julio"]
[Result "0-1"]
[WhiteElo "1908"]
[BlackElo "2022"]
[PlyCount "36"]
[EventDate "2008.12.26"]
[EventType "swiss"]
[EventRounds "9"]
[EventCountry "ESP"]
[Source "lmi"]
[SourceDate "2008.12.26"]

1. e4 c5 2. Nf3 d6 3. d4 Nf6 4. Nc3 cxd4 5. Nxd4 g6 6. Be3 Bg7 7. f3 O-O 8. Qd2
Nc6 9. O-O-O Bd7 10. g4 Ne5 11. h3 Rc8 12. f4 Nc4 13. Bxc4 Rxc4 14. f5 Qa5 15.
Rhg1 Rfc8 16. Bh6 Rxc3 17. bxc3 Nxe4 18. Qe3 Qa3+ 0-1

[Event "Madrid-ch sub-18 2008-2009"]
[Site "Madrid ESP"]
[Date "2008.12.26"]
[Round "1.6"]
[White "Ananian, Arman"]
[Black "Castejon Caballero, Andres"]
[Result "0-1"]
[WhiteElo "1562"]
[BlackElo "2003"]
[PlyCount "74"]
[EventDate "2008.12.26"]
[EventType "swiss"]
[EventRounds "9"]
[EventCountry "ESP"]
[Source "lmi"]
[SourceDate "2008.12.26"]

1. e4 c5 2. Nf3 Nc6 3. Nc3 Nf6 4. d4 cxd4 5. Nxd4 e5 6. Nxc6 bxc6 7. Bc4 Bb4 8.
Bg5 Bxc3+ 9. bxc3 Qa5 10. Qd3 Nxe4 11. Bd2 Nxd2 12. Qxd2 d5 13. Be2 O-O 14. Rd1
Ba6 15. Bxa6 Qxa6 16. Qd3 Qxa2 17. O-O a5 18. Ra1 Qc4 19. Qxc4 dxc4 20. Ra4
Rfb8 21. f3 Rb2 22. Rc1 f6 23. Kf2 Kf7 24. Ke3 Ke6 25. Kd2 Kd5 26. Rca1 Rb5 27.
Ke3 Rc5 28. Rd1+ Ke6 29. Rb1 Rd8 30. Rb7 Rd7 31. Rb6 f5 32. Ra6 f4+ 33. Ke2
Rcd5 34. Rxc6+ Kf5 35. g3 Rd2+ 36. Kf1 Rxh2 37. gxf4 Rd1# 0-1

[Event "Madrid-ch sub-18 2008-2009"]
[Site "Madrid ESP"]
[Date "2008.12.26"]
[Round "1.7"]
[White "Sotnikov, Taras"]
[Black "Fernandez Lopez, Diego"]
[Result "1-0"]
[WhiteElo "1920"]
[BlackElo "1530"]
[PlyCount "69"]
[EventDate "2008.12.26"]
[EventType "swiss"]
[EventRounds "9"]
[EventCountry "ESP"]
[Source "lmi"]
[SourceDate "2008.12.26"]

1. f4 d5 2. Nf3 c5 3. g3 Nf6 4. Bg2 Nc6 5. O-O e6 6. d3 Be7 7. c3 O-O 8. Nbd2
b6 9. e4 dxe4 10. dxe4 Bb7 11. e5 Nd5 12. Ne4 Nc7 13. Qc2 Na5 14. Nfg5 Bxg5 15.
Nxg5 g6 16. g4 Bxg2 17. Qxg2 h6 18. Ne4 Qh4 19. Nf6+ Kg7 20. Be3 Nd5 21. Bf2
Nxf4 22. Bxh4 Nxg2 23. Kxg2 Nc4 24. Rf2 Nxe5 25. Raf1 g5 26. Bg3 Nc4 27. Re2
Rad8 28. b3 Nd6 29. Be5 Nb7 30. Nd7+ Kg8 31. Nxf8 Kxf8 32. Rf6 Rd5 33. Rxh6 Nd8
34. Bf6 Ke8 35. Rh8+ 1-0

[Event "Madrid-ch sub-18 2008-2009"]
[Site "Madrid ESP"]
[Date "2008.12.26"]
[Round "1.8"]
[White "Martinez Vazquez, Juan Jose"]
[Black "Fernandez Lledo, Javier"]
[Result "0-1"]
[WhiteElo "1521"]
[BlackElo "1911"]
[PlyCount "54"]
[EventDate "2008.12.26"]
[EventType "swiss"]
[EventRounds "9"]
[EventCountry "ESP"]
[Source "lmi"]
[SourceDate "2008.12.26"]

1. e4 c5 2. Nf3 Nc6 3. d4 cxd4 4. Nxd4 Nf6 5. Nc3 e5 6. Nf3 Bb4 7. Bd3 O-O 8.
Bd2 d6 9. O-O Bg4 10. h3 Bh5 11. a3 Bc5 12. Be2 h6 13. b4 Bb6 14. Nh4 Bxe2 15.
Qxe2 Nd4 16. Qd1 Nxe4 17. Nxe4 Qxh4 18. Nxd6 Rad8 19. Nc4 Bc7 20. c3 Ne6 21.
Qe2 b5 22. Ne3 Nf4 23. Qf3 Rxd2 24. Nf5 Qg5 25. g4 Rd3 26. Ne3 Qh4 27. Kh2 e4
0-1

[Event "Madrid-ch sub-18 2008-2009"]
[Site "Madrid ESP"]
[Date "2008.12.27"]
[Round "2.1"]
[White "Adan Bermudez, Sergio"]
[Black "Morona Minguez, Irene"]
[Result "1-0"]
[WhiteElo "2227"]
[BlackElo "1750"]
[PlyCount "49"]
[EventDate "2008.12.26"]
[EventType "swiss"]
[EventRounds "9"]
[EventCountry "ESP"]
[Source "lmi"]
[SourceDate "2008.12.26"]

1. c4 e5 2. g3 Nc6 3. Bg2 Nf6 4. Nc3 Bc5 5. e3 O-O 6. Nge2 d6 7. O-O Be6 8. d4
Bxc4 9. dxc5 dxc5 10. b3 Bd3 11. Ba3 Nb4 12. Bxb7 Rb8 13. Bg2 e4 14. Rc1 Re8
15. Qd2 c4 16. bxc4 Bxc4 17. Qxd8 Rexd8 18. Bxb4 Rxb4 19. Rfd1 Rxd1+ 20. Rxd1
g6 21. Nf4 Rb2 22. Nxe4 Nxe4 23. Bxe4 Rxa2 24. Rc1 Ra4 25. Bd5 1-0

[Event "Madrid-ch sub-18 2008-2009"]
[Site "Madrid ESP"]
[Date "2008.12.27"]
[Round "2.2"]
[White "Fernandez Lledo, Javier"]
[Black "Gago Padreny, Ignacio"]
[Result "0-1"]
[WhiteElo "1911"]
[BlackElo "2216"]
[PlyCount "54"]
[EventDate "2008.12.26"]
[EventType "swiss"]
[EventRounds "9"]
[EventCountry "ESP"]
[Source "lmi"]
[SourceDate "2008.12.26"]

1. e4 c5 2. Nf3 d6 3. d4 cxd4 4. Nxd4 Nf6 5. Nc3 a6 6. Be3 Ng4 7. Bg5 h6 8. Bh4
g5 9. Bg3 Bg7 10. Be2 h5 11. h3 h4 12. Bxg4 hxg3 13. Bxc8 gxf2+ 14. Kf1 Qxc8
15. Qd3 e6 16. Rd1 Nd7 17. Kxf2 Ne5 18. Qg3 Qc5 19. Nce2 O-O-O 20. Qc3 g4 21.
b4 Qxc3 22. Nxc3 gxh3 23. gxh3 Rh4 24. a4 Rdh8 25. Kg2 Bf6 26. Rdf1 Rg8+ 27.
Kf2 Ng4+ 0-1

[Event "Madrid-ch sub-18 2008-2009"]
[Site "Madrid ESP"]
[Date "2008.12.27"]
[Round "2.3"]
[White "Suarez Uriel, Adrian"]
[Black "Martin Duque, Jesus"]
[Result "1-0"]
[WhiteElo "2123"]
[BlackElo "1696"]
[PlyCount "85"]
[EventDate "2008.12.26"]
[EventType "swiss"]
[EventRounds "9"]
[EventCountry "ESP"]
[Source "lmi"]
[SourceDate "2008.12.26"]

1. e4 e6 2. d3 d5 3. Qe2 Nf6 4. Nf3 dxe4 5. dxe4 Bc5 6. Bg5 h6 7. Bh4 g5 8. Bg3
Nc6 9. c3 a5 10. Nbd2 b6 11. Rd1 Qe7 12. Nc4 Ba6 13. Qc2 Nh5 14. Nd4 Nxd4 15.
cxd4 Bb4+ 16. Nd2 Bxd2+ 17. Rxd2 Bb7 18. Bxc7 Rc8 19. Qa4+ Kf8 20. Bxb6 Bxe4
21. Bc5 Rxc5 22. dxc5 Qb7 23. Rd8+ Kg7 24. Qd4+ Nf6 25. Rxh8 e5 26. Qxe5 Qb4+
27. Kd1 Qa4+ 28. Ke1 Qb4+ 29. Qc3 Qxc3+ 30. bxc3 Kxh8 31. f3 Bc6 32. Bc4 Kg7
33. Kd2 Nd7 34. Re1 Kf6 35. Re8 Ne5 36. Rxe5 Kxe5 37. Bxf7 a4 38. a3 Bb5 39. c4
Bc6 40. Kc3 Kf4 41. Kd4 g4 42. Bd5 gxf3 43. g3+ 1-0

[Event "Madrid-ch sub-18 2008-2009"]
[Site "Madrid ESP"]
[Date "2008.12.27"]
[Round "2.4"]
[White "Madurga Lopez, Ignacio"]
[Black "Arauz Alonso, Fernando"]
[Result "0-1"]
[WhiteElo "1817"]
[BlackElo "2098"]
[PlyCount "120"]
[EventDate "2008.12.26"]
[EventType "swiss"]
[EventRounds "9"]
[EventCountry "ESP"]
[Source "lmi"]
[SourceDate "2008.12.26"]

1. e4 c6 2. Nc3 d5 3. Qf3 dxe4 4. Nxe4 Nf6 5. Bc4 Nbd7 6. d4 e6 7. Bg5 Be7 8.
O-O-O Nxe4 9. Bxe7 Qxe7 10. Qxe4 Nf6 11. Qe1 b6 12. Nf3 Bb7 13. c3 O-O 14. h4
Rfd8 15. Be2 c5 16. Rg1 cxd4 17. Nxd4 Qc5 18. Nb3 Qc7 19. f3 Bd5 20. g3 Bxb3
21. axb3 a5 22. Rxd8+ Rxd8 23. Qf2 g6 24. Rd1 Rxd1+ 25. Bxd1 Nd5 26. f4 h5 27.
Qd4 Nb4 28. Qc4 Qxc4 29. bxc4 Na6 30. Kc2 Kf8 31. Kd3 Ke7 32. Kd4 Kd6 33. Ba4
Nc5 34. Bc2 a4 35. Bd1 Ke7 36. Bc2 Kf6 37. Bd1 Kf5 38. Bf3 f6 39. Bd1 e5+ 40.
fxe5 fxe5+ 41. Ke3 e4 42. Be2 Nd3 43. Bxd3 exd3 44. Kxd3 Kg4 45. Kd4 Kxg3 46.
Kd5 Kxh4 47. Kc6 g5 48. Kxb6 g4 49. c5 g3 50. c6 g2 51. c7 g1=Q+ 52. Kb7 Qg2+
53. Ka7 Qc6 54. Kb8 Qb6+ 55. Kc8 Kg5 56. Kd7 Qb7 57. Kd8 Qd5+ 58. Kc8 Qe6+ 59.
Kd8 Qd6+ 60. Kc8 Kf6 0-1

[Event "Madrid-ch sub-18 2008-2009"]
[Site "Madrid ESP"]
[Date "2008.12.27"]
[Round "2.7"]
[White "Garcia Salamero, Hector"]
[Black "Sotnikov, Taras"]
[Result "0-1"]
[WhiteElo "1638"]
[BlackElo "1920"]
[PlyCount "62"]
[EventDate "2008.12.26"]
[EventType "swiss"]
[EventRounds "9"]
[EventCountry "ESP"]
[Source "lmi"]
[SourceDate "2008.12.26"]

1. e4 c6 2. d4 d5 3. Nc3 g6 4. Nf3 Bg7 5. Be3 Nf6 6. e5 Ng4 7. Bf4 f6 8. exf6
exf6 9. h3 Nh6 10. Qd2 Nf7 11. h4 Bg4 12. O-O-O O-O 13. Be2 Nd7 14. Nh2 Bxe2
15. Nxe2 Nb6 16. Kb1 Nc4 17. Qc1 Re8 18. Ng3 a5 19. b3 Qb6 20. Ka1 Ncd6 21. Be3
a4 22. Qb2 axb3 23. cxb3 f5 24. Nf3 c5 25. Kb1 Qa6 26. h5 c4 27. hxg6 hxg6 28.
Ne2 Nb5 29. Nc3 Nxc3+ 30. Qxc3 Qxa2+ 31. Kc1 cxb3 0-1

[Event "Madrid-ch sub-18 2008-2009"]
[Site "Madrid ESP"]
[Date "2008.12.27"]
[Round "2.9"]
[White "Fernandez Lopez, Diego"]
[Black "Tarin Casado, Francisco"]
[Result "0-1"]
[WhiteElo "1530"]
[BlackElo "1849"]
[PlyCount "90"]
[EventDate "2008.12.26"]
[EventType "swiss"]
[EventRounds "9"]
[EventCountry "ESP"]
[Source "lmi"]
[SourceDate "2008.12.26"]

1. e4 c6 2. d4 d5 3. Nc3 dxe4 4. Nxe4 Bf5 5. Nc3 Nf6 6. Nf3 Nbd7 7. Bd3 Bg6 8.
b3 e6 9. Bb2 Qa5 10. Qe2 Bb4 11. Qd2 Nd5 12. a3 Bxc3 13. Bxc3 Qxc3 14. Qxc3
Nxc3 15. Kd2 Ne4+ 16. Ke3 Nd6 17. Rad1 Bxd3 18. Rxd3 O-O 19. c4 Nf6 20. Ne5
Rad8 21. Rhd1 Nf5+ 22. Kd2 Rxd4 23. Kc2 Rfd8 24. g4 Rxd3 25. Rxd3 Rxd3 26. Kxd3
Nh4 27. g5 Ne8 28. Nd7 Nf3 29. Nc5 Nd6 30. Ke2 Nxg5 31. f3 h5 32. h4 Nh7 33.
Kd3 g5 34. hxg5 Nxg5 35. f4 Nf3 36. Ke3 Nh4 37. a4 Nhf5+ 38. Kf3 b6 39. Nd7
Nd4+ 40. Kf2 Nxb3 41. Nf6+ Kf8 42. Nxh5 Ne4+ 43. Ke3 f5 44. Kf3 Nbd2+ 45. Kg2
Nxc4 0-1

[Event "Madrid-ch sub-18 2008-2009"]
[Site "Madrid ESP"]
[Date "2008.12.27"]
[Round "2.10"]
[White "Corisco Beltran, Rafael"]
[Black "Cermeno Gonzalez, Juan M"]
[Result "1-0"]
[WhiteElo "1734"]
[BlackElo "1701"]
[PlyCount "135"]
[EventDate "2008.12.26"]
[EventType "swiss"]
[EventRounds "9"]
[EventCountry "ESP"]
[Source "lmi"]
[SourceDate "2008.12.26"]

1. e4 e6 2. d4 d5 3. Nc3 c5 4. exd5 exd5 5. dxc5 Be6 6. Be3 Nc6 7. Bb5 Nf6 8.
h3 Qa5 9. Nge2 a6 10. Bxc6+ bxc6 11. Qd4 Rb8 12. Qa4 Qxa4 13. Nxa4 Ne4 14. Rb1
Rb5 15. Nec3 Nxc3 16. Nxc3 Ra5 17. b4 Ra3 18. Bd4 Be7 19. O-O Bf6 20. Bxf6 gxf6
21. Rb3 Rxb3 22. cxb3 Rg8 23. Kh2 Ke7 24. Rd1 f5 25. f4 Rd8 26. Ne2 Rb8 27. Nd4
Kd7 28. a3 h5 29. Rd2 h4 30. g3 Rh8 31. gxh4 Rxh4 32. Kg3 Rh5 33. Rg2 f6 34. h4
Bf7 35. Kh3 Ke8 36. Nxc6 Rh6 37. Nd4 Rg6 38. Rxg6 Bxg6 39. b5 axb5 40. Nxb5 Kd7
41. Nd4 Kc7 42. b4 Kb7 43. b5 Be8 44. a4 Ka7 45. Nxf5 Bd7 46. Kg4 d4 47. Kf3
Bxf5 48. a5 Bd3 49. b6+ Kb7 50. h5 Ka6 51. h6 Kb7 52. Kf2 Kc6 53. a6 Bxa6 54.
h7 d3 55. Ke3 Kxc5 56. h8=Q Kxb6 57. Qxf6+ Kb7 58. Qe7+ Kb6 59. f5 Kb5 60. f6
Kc4 61. f7 Kc3 62. Qf6+ Kc2 63. Qxa6 d2 64. Qd3+ Kb2 65. Qxd2+ Kb1 66. Kd3 Ka1
67. Kc3 Kb1 68. Qb2# 1-0

[Event "Madrid-ch sub-18 2008-2009"]
[Site "Madrid ESP"]
[Date "2008.12.27"]
[Round "2.11"]
[White "Morera Rodriguez, Ignacio"]
[Black "Ananian, Arman"]
[Result "0-1"]
[WhiteElo "1646"]
[BlackElo "1562"]
[PlyCount "84"]
[EventDate "2008.12.26"]
[EventType "swiss"]
[EventRounds "9"]
[EventCountry "ESP"]
[Source "lmi"]
[SourceDate "2008.12.26"]

1. d4 d5 2. Nf3 Nf6 3. Bg5 e6 4. Nbd2 Be7 5. e3 b6 6. Bd3 Bb7 7. c3 h6 8. Bh4
Nbd7 9. O-O O-O 10. Re1 c5 11. e4 dxe4 12. Nxe4 Nxe4 13. Bxe7 Qxe7 14. Bxe4 Nf6
15. Bxb7 Qxb7 16. dxc5 bxc5 17. Qc2 Rab8 18. Rab1 Nd5 19. Qa4 Nxc3 20. bxc3
Qxb1 21. h3 Qb7 22. Ne5 Rbd8 23. Qg4 Qd5 24. Qg3 Qd6 25. Qf3 Qd2 26. Re4 Qd1+
27. Qxd1 Rxd1+ 28. Kh2 Rd2 29. Ra4 Ra8 30. Kg3 Rd5 31. f4 f6 32. Nf3 Rd3 33.
Ra3 e5 34. fxe5 fxe5 35. Kf2 Rf8 36. Ke2 e4 37. Ne1 Rg3 38. Rxa7 Rxc3 39. a4 e3
40. Nf3 Rb8 41. Ne1 Rb2+ 42. Kf1 Rf2+ 0-1

[Event "Madrid-ch sub-18 2008-2009"]
[Site "Madrid ESP"]
[Date "2008.12.28"]
[Round "3.1"]
[White "Castejon Caballero, Andres"]
[Black "Adan Bermudez, Sergio"]
[Result "1-0"]
[WhiteElo "2003"]
[BlackElo "2227"]
[PlyCount "141"]
[EventDate "2008.12.26"]
[EventType "swiss"]
[EventRounds "9"]
[EventCountry "ESP"]
[Source "lmi"]
[SourceDate "2008.12.26"]

1. e4 c5 2. Nf3 Nc6 3. d4 cxd4 4. Nxd4 Qb6 5. Nb3 Nf6 6. Nc3 e6 7. a3 Qc7 8.
Be3 a6 9. Qd2 b5 10. Bf4 e5 11. Bg5 d6 12. Bxf6 gxf6 13. Nd5 Qd8 14. a4 bxa4
15. Rxa4 Bg7 16. Qc3 O-O 17. Qxc6 Bd7 18. Qc4 Rc8 19. Qxa6 Bxa4 20. Qxa4 f5 21.
exf5 Rxc2 22. Bd3 Rxb2 23. f6 Bxf6 24. Qe4 Re8 25. Nd2 Bg7 26. Nc4 Ra2 27.
Qxh7+ Kf8 28. O-O Re6 29. Qf5 Ra4 30. Ncb6 Ra5 31. Rc1 e4 32. Bf1 Rc5 33. Rxc5
dxc5 34. Nc4 Kg8 35. h3 Bd4 36. Be2 Qf8 37. Bg4 Ra6 38. Qg5+ Kh8 39. Bf5 Qh6
40. Qxh6+ Rxh6 41. Bxe4 Re6 42. Bd3 Re1+ 43. Bf1 Kg7 44. g3 Ra1 45. Kg2 Ra2 46.
Nce3 Kf8 47. Kf3 Ke8 48. Bb5+ Kf8 49. h4 Rd2 50. g4 Rb2 51. Bc4 Rd2 52. h5 Rb2
53. Kg3 Rb1 54. f3 Rc1 55. Kf4 f6 56. Bd3 Re1 57. Nc4 Rd1 58. Be4 Rc1 59. Nd6
Be5+ 60. Kf5 Bxd6 61. Kxf6 Rh1 62. Kg6 Be5 63. f4 Re1 64. fxe5 Rxe4 65. Kf5 Rd4
66. Nf4 Rd1 67. Ne6+ Ke7 68. Nxc5 Rf1+ 69. Kg6 Rc1 70. Ne4 Re1 71. Nf6 1-0

[Event "Madrid-ch sub-18 2008-2009"]
[Site "Madrid ESP"]
[Date "2008.12.28"]
[Round "3.2"]
[White "Gago Padreny, Ignacio"]
[Black "Nieto De La Cruz, Julio"]
[Result "1-0"]
[WhiteElo "2216"]
[BlackElo "2022"]
[PlyCount "61"]
[EventDate "2008.12.26"]
[EventType "swiss"]
[EventRounds "9"]
[EventCountry "ESP"]
[Source "lmi"]
[SourceDate "2008.12.26"]

1. Nf3 c5 2. c4 g6 3. e4 Bg7 4. d4 cxd4 5. Nxd4 Nc6 6. Be3 d6 7. Nc3 Nf6 8. f3
O-O 9. Be2 Nxd4 10. Bxd4 Be6 11. O-O Nd7 12. Bxg7 Kxg7 13. Kh1 f6 14. f4 Bf7
15. b3 a6 16. Rf3 Qc7 17. Nd5 Bxd5 18. exd5 Rae8 19. Rh3 e5 20. dxe6 Rxe6 21.
f5 Re5 22. fxg6 hxg6 23. Qd2 Rg5 24. Qf4 Rg8 25. Rf1 Qc6 26. Bf3 Qc7 27. Qh4
Kf8 28. Bd5 Rh5 29. Rxf6+ Nxf6 30. Qxf6+ Ke8 31. Re3+ 1-0

[Event "Madrid-ch sub-18 2008-2009"]
[Site "Madrid ESP"]
[Date "2008.12.28"]
[Round "3.3"]
[White "Sotnikov, Taras"]
[Black "Suarez Uriel, Adrian"]
[Result "0-1"]
[WhiteElo "1920"]
[BlackElo "2123"]
[PlyCount "64"]
[EventDate "2008.12.26"]
[EventType "swiss"]
[EventRounds "9"]
[EventCountry "ESP"]
[Source "lmi"]
[SourceDate "2008.12.26"]

1. f4 c5 2. Nf3 Nc6 3. g3 d6 4. Bg2 e5 5. d3 g6 6. O-O Bg7 7. c3 Nge7 8. e4 O-O
9. Be3 exf4 10. Bxf4 d5 11. Nbd2 h6 12. Qc2 Be6 13. Rad1 Qd7 14. Nb3 b6 15. d4
dxe4 16. Qxe4 cxd4 17. Nbxd4 Nxd4 18. Ne5 Qb5 19. Qxd4 Rac8 20. Rfe1 Qxb2 21.
Qb4 Qxb4 22. cxb4 Rfd8 23. Rxd8+ Rxd8 24. a3 g5 25. Nxf7 Kxf7 26. Bc7 Rd3 27.
a4 Nd5 28. Bd6 Bd4+ 29. Kh1 Rd2 30. Rf1+ Bf2 31. Bf3 Ne3 32. Bh5+ Kg8 0-1

[Event "Madrid-ch sub-18 2008-2009"]
[Site "Madrid ESP"]
[Date "2008.12.28"]
[Round "3.5"]
[White "De La Esperanza Martin, Alberto"]
[Black "Fernandez Lledo, Javier"]
[Result "0-1"]
[WhiteElo "1636"]
[BlackElo "1911"]
[PlyCount "64"]
[EventDate "2008.12.26"]
[EventType "swiss"]
[EventRounds "9"]
[EventCountry "ESP"]
[Source "lmi"]
[SourceDate "2008.12.26"]

1. e4 c5 2. Nf3 Nc6 3. d4 cxd4 4. Nxd4 Nf6 5. Nc3 e5 6. Nb3 Bb4 7. Bg5 h6 8.
Bd2 O-O 9. f3 d6 10. a3 Bxc3 11. Bxc3 Be6 12. Bd3 Qe7 13. O-O d5 14. exd5 Nxd5
15. Bd2 a5 16. a4 b6 17. Qe1 Rac8 18. Qg3 Qf6 19. f4 exf4 20. Bxf4 Nxf4 21.
Rxf4 Qxb2 22. Raf1 Qe5 23. Re1 Qg5 24. Qe3 Nb4 25. Nd4 Bd7 26. Nf3 Qc5 27. Nd4
Nxd3 28. cxd3 Rfe8 29. Qd2 Rxe1+ 30. Qxe1 Bxa4 31. Qf2 Qc1+ 32. Qf1 Qe3+ 0-1

[Event "Madrid-ch sub-18 2008-2009"]
[Site "Madrid ESP"]
[Date "2008.12.28"]
[Round "3.6"]
[White "Tarin Casado, Francisco"]
[Black "Garcia Salamero, Hector"]
[Result "1-0"]
[WhiteElo "1849"]
[BlackElo "1638"]
[PlyCount "81"]
[EventDate "2008.12.26"]
[EventType "swiss"]
[EventRounds "9"]
[EventCountry "ESP"]
[Source "lmi"]
[SourceDate "2008.12.26"]

1. c3 d5 2. d4 Bf5 3. Nf3 Nf6 4. Bf4 e6 5. Nbd2 c5 6. e3 Be7 7. Bb5+ Nbd7 8.
Ne5 a6 9. Bxd7+ Nxd7 10. Ndf3 f6 11. Nxd7 Qxd7 12. h3 c4 13. O-O O-O 14. Nd2
Bd6 15. Bxd6 Qxd6 16. Re1 Bd3 17. e4 Rae8 18. e5 fxe5 19. Rxe5 Rf5 20. Nf3 Ref8
21. Rxf5 Rxf5 22. Ne5 Qf8 23. Nxd3 cxd3 24. f3 Qd6 25. Qxd3 Qg3 26. Qe2 Rg5 27.
Re1 Rg6 28. Kf1 Kf7 29. Qf2 Qh2 30. Re2 Qf4 31. g4 Rh6 32. Kg2 g5 33. Qg3 Rf6
34. Qxf4 Rxf4 35. Re5 h6 36. Kg3 Kf6 37. h4 b6 38. hxg5+ hxg5 39. a4 b5 40.
axb5 axb5 41. b4 1-0

[Event "Madrid-ch sub-18 2008-2009"]
[Site "Madrid ESP"]
[Date "2008.12.28"]
[Round "3.7"]
[White "Ananian, Arman"]
[Black "Madurga Lopez, Ignacio"]
[Result "0-1"]
[WhiteElo "1562"]
[BlackElo "1817"]
[PlyCount "70"]
[EventDate "2008.12.26"]
[EventType "swiss"]
[EventRounds "9"]
[EventCountry "ESP"]
[Source "lmi"]
[SourceDate "2008.12.26"]

1. d4 Nf6 2. Nf3 c5 3. Bf4 cxd4 4. Nxd4 d6 5. Nb3 Nc6 6. Nc3 a6 7. e3 g6 8. Be2
Bg7 9. Qd2 b5 10. a3 Bb7 11. Bf3 Nd7 12. Nd4 Qc8 13. Ne4 Nde5 14. Bxe5 Nxe5 15.
c3 Nxf3+ 16. gxf3 Qd7 17. Qe2 Bd5 18. Nd2 O-O 19. e4 Bb7 20. Nc2 Rfc8 21. h4 h5
22. Kf1 a5 23. Nd4 b4 24. axb4 Bxd4 25. Rxa5 Bb6 26. Rxa8 Rxa8 27. Kg2 Ra2 28.
Rb1 Bc8 29. Nc4 Bc7 30. Rh1 Ba6 31. Rb1 Qb5 32. Qe3 Qxc4 33. Qa7 Bc8 34. Qe3
Qe6 35. Kh1 d5 0-1

[Event "Madrid-ch sub-18 2008-2009"]
[Site "Madrid ESP"]
[Date "2008.12.28"]
[Round "3.10"]
[White "Martin Duque, Jesus"]
[Black "Dominguez Alfara, Miguel"]
[Result "1-0"]
[WhiteElo "1696"]
[BlackElo "1621"]
[PlyCount "127"]
[EventDate "2008.12.26"]
[EventType "swiss"]
[EventRounds "9"]
[EventCountry "ESP"]
[Source "lmi"]
[SourceDate "2008.12.26"]

1. e4 g6 2. d4 Bg7 3. Nc3 d6 4. Be3 c6 5. a4 Nf6 6. Qd2 O-O 7. f3 Nbd7 8. Bd3
e5 9. Nge2 Re8 10. O-O Nf8 11. Bh6 exd4 12. Nxd4 Qb6 13. Nce2 c5 14. a5 Qc7 15.
Bxg7 Kxg7 16. Nb5 Qc6 17. Bc4 Be6 18. Bxe6 Nxe6 19. Nxd6 Red8 20. e5 Ne8 21.
Nxe8+ Qxe8 22. Qc3 Qd7 23. Ng3 Qd4+ 24. Qxd4 Rxd4 25. Ne4 Rb4 26. b3 Rd8 27.
Nd6 Rb8 28. Rfd1 Rd4 29. Kf2 Rxd1 30. Rxd1 Nd4 31. Rd2 b6 32. axb6 axb6 33. Ke3
Ra8 34. Nc4 b5 35. Nd6 Ra2 36. Kd3 Ra8 37. f4 Rd8 38. Ke3 Kf8 39. Nxb5 Nf5+ 40.
Ke2 Rb8 41. Nd6 Nd4+ 42. Kd3 Rd8 43. Kc4 Ne6 44. g3 Ke7 45. f5 Ng5 46. Kxc5 Ra8
47. b4 gxf5 48. Nxf5+ Ke6 49. Nd4+ Kxe5 50. Nc6+ Kf6 51. Rf2+ Kg7 52. Re2 Ne6+
53. Kb6 Rc8 54. b5 h6 55. Kb7 Re8 56. Rd2 Nc5+ 57. Kc7 Ne6+ 58. Kd7 Ra8 59. b6
Nc5+ 60. Kc7 Ne6+ 61. Kb7 Re8 62. Ka7 Rc8 63. b7 Rc7 64. Kb6 1-0

[Event "Madrid-ch sub-18 2008-2009"]
[Site "Madrid ESP"]
[Date "2008.12.28"]
[Round "3.12"]
[White "Rodriguez Centenera, Sara"]
[Black "Martinez Vazquez, Juan Jose"]
[Result "1-0"]
[WhiteElo "1663"]
[BlackElo "1521"]
[PlyCount "41"]
[EventDate "2008.12.26"]
[EventType "swiss"]
[EventRounds "9"]
[EventCountry "ESP"]
[Source "lmi"]
[SourceDate "2008.12.26"]

1. d4 d5 2. c4 e6 3. Nc3 b6 4. Nf3 Nf6 5. Bg5 Be7 6. e3 O-O 7. Bd3 c5 8. cxd5
exd5 9. O-O h6 10. Bh4 Be6 11. Rc1 c4 12. Bb1 Nh5 13. Qc2 g6 14. Bxe7 Qxe7 15.
e4 dxe4 16. Qxe4 Nd7 17. d5 Nhf6 18. Qe1 Qd6 19. dxe6 fxe6 20. Qd2 Ne4 21. Qxd6
1-0